| 000 | 00396nam a2200157Ia 4500 | ||
|---|---|---|---|
| 008 | 210716s2000 xx 000 0 und d | ||
| 020 | _a74637436 | ||
| 041 | _aeng | ||
| 082 | _a004.69 MIND | ||
| 100 | _aMinoli,Daniel. | ||
| 245 | _aInternet and intranet engineering. | ||
| 250 | _a1 | ||
| 260 |
_aNew Delhi _bTata Mc Graw Hill _c2000 |
||
| 300 | _aXVII,424 | ||
| 650 | _aInternet / Mutimedia | ||
| 999 |
_c184689 _d184689 |
||